[Event "Caplin British Online"]
[Site "chess.com INT"]
[Date "2020.12.22"]
[Round "2.15"]
[White "Shearsby, Jude"]
[Black "Rathbone-Jones, Ifan"]
[Result "1-0"]
[WhiteElo "1673"]
[BlackElo "1941"]
[WhiteFideId "462527"]
[BlackFideId "1803859"]
[EventDate "2020.12.21"]

1. d4 d5 2. Bf4 Nf6 3. Nc3 a6 4. e3 g6 5. h4 Bg7 6. Be2 h5 7. Nf3 Nbd7 8. Ne5 c6
9. a3 Nf8 10. O-O Ng4 11. Nxg4 hxg4 12. g3 f5 13. Bd3 Ne6 14. Ne2 Bf6 15. Kg2 c5
16. c3 Kf7 17. Rh1 Bd7 18. Rc1 Bc6 19. Qd2 Ng7 20. Rh2 e5 21. dxe5 d4+ 22. Kg1
Bxh4 23. gxh4 Rxh4 24. exd4 Rxh2 25. Bxh2 Qd5 26. f3 Qxf3 27. Ng3 Qd5 28. Qe2 b5
29. Qf2 cxd4 30. cxd4 Ne6 31. Be4 Qxd4 32. Qxd4 Nxd4 33. Bxc6 Nxc6 34. Rxc6 Rd8
35. Nf1 a5 36. e6+ Kf6 37. Bd6 Kxe6 38. Bc7+ Kd7 39. Bxd8 Kxc6 40. Bxa5 Kd5 41.
Kf2 f4 42. Bc7 Ke4 43. Nd2+ Kf5 44. Nb3 Ke4 45. Nc5+ Kf5 46. b3 g5 47. a4 g3+
48. Kf3 g4+ 49. Kg2 1-0

[Event "Caplin British Online"]
[Site "chess.com INT"]
[Date "2020.12.23"]
[Round "3.1"]
[White "Ghasi, Ameet K"]
[Black "Adams, Michael"]
[Result "0-1"]
[WhiteTitle "IM"]
[BlackTitle "GM"]
[WhiteElo "2485"]
[BlackElo "2716"]
[WhiteFideId "409200"]
[BlackFideId "400041"]
[EventDate "2020.12.21"]

1. Nf3 Nf6 2. g3 c5 3. Bg2 Nc6 4. O-O e5 5. d3 d5 6. Bg5 Be7 7. Nfd2 Ng8 8. Bxe7
Ngxe7 9. Nc3 O-O 10. Na4 b6 11. c4 d4 12. a3 Rb8 13. Nf3 Qd6 14. Qd2 a5 15. e3
Ng6 16. Rfe1 h6 17. Qc2 Be6 18. exd4 exd4 19. Nd2 Nge5 20. b3 Qd7 21. Nb2 Rfe8
22. Re2 Bg4 23. f3 Bf5 24. Rae1 Kf8 25. Ne4 Re7 26. Nf2 Rbe8 27. h3 g5 28. Na4
Qc7 29. Qd2 Ng6 30. Rxe7 Rxe7 31. Rxe7 Ncxe7 32. f4 gxf4 33. Ne4 Bd7 34. Nf6
Bxa4 35. bxa4 Qd6 36. Nh5 Nf5 37. gxf4 Ngh4 38. Qe2 Qg6 39. Qg4 Nxg2 0-1

[Event "Caplin British Online"]
[Site "chess.com INT"]
[Date "2020.12.23"]
[Round "3.2"]
[White "Turner, Matthew J"]
[Black "Fernandez, Daniel Howard"]
[Result "1-0"]
[WhiteTitle "GM"]
[BlackTitle "GM"]
[WhiteElo "2509"]
[BlackElo "2466"]
[WhiteFideId "402893"]
[BlackFideId "5801605"]
[EventDate "2020.12.21"]

1. d4 d6 2. e4 Nf6 3. Nc3 e5 4. dxe5 dxe5 5. Qxd8+ Kxd8 6. f4 Bb4 7. Bd3 Nc6 8.
Nf3 Re8 9. fxe5 Nxe5 10. Nxe5 Rxe5 11. Bf4 Ra5 12. Bd2 Rh5 13. h3 Be6 14. O-O-O
Ke8 15. a3 Bd6 16. g4 Re5 17. Rhe1 h5 18. g5 Nh7 19. h4 Bg4 20. Be2 Bxe2 21.
Rxe2 Re6 22. Nb5 g6 23. e5 Rc8 24. Nxa7 1-0

[Event "Caplin British Online"]
[Site "chess.com INT"]
[Date "2020.12.23"]
[Round "3.4"]
[White "Gurner, Jem"]
[Black "Wadsworth, Matthew J"]
[Result "0-1"]
[BlackTitle "IM"]
[WhiteElo "1800"]
[BlackElo "2416"]
[WhiteFideId "67600280"]
[BlackFideId "415804"]
[EventDate "2020.12.21"]

1. d4 Nf6 2. Nc3 d5 3. Bf4 c6 4. e3 Qb6 5. Rb1 Bf5 6. Bd3 Bxd3 7. Qxd3 Nbd7 8.
h3 e6 9. Nf3 a5 10. O-O Qa6 11. Qxa6 Rxa6 12. Ne5 Be7 13. Rfe1 O-O 14. e4 Bb4
15. Nxd7 Nxd7 16. Bd2 b5 17. Rbd1 Nb6 18. exd5 Bxc3 19. Bxc3 cxd5 20. Bd2 Rc8
21. c3 Nc4 22. Bc1 h6 23. Rd3 b4 24. b3 Nd6 25. Bd2 bxc3 26. Rxc3 Rxc3 27. Bxc3
Nb5 28. Bb2 a4 29. Rc1 axb3 30. axb3 Nd6 31. Ra1 Rb6 32. Ba3 Ne4 33. b4 Nd2 34.
Kh2 Nc4 35. Kg3 Kh7 36. b5 Rxb5 37. Bc5 Nd2 38. Ra7 Ne4+ 39. Kf4 Kg6 40. Rc7
Nxf2 41. Ke5 Rb2 42. Kd6 Ne4+ 43. Ke7 Rxg2 44. Kf8 Rf2 45. Kg8 Nf6+ 46. Kf8 Nh7+
47. Kg8 h5 48. Bd6 Ra2 49. Rc8 Ra7 50. Be5 f6 51. Bd6 Rd7 52. Bc5 f5 53. Ra8
Nf6+ 54. Kh8 f4 0-1

[Event "Caplin British Online"]
[Site "chess.com INT"]
[Date "2020.12.23"]
[Round "3.5"]
[White "Lalic, Bogdan"]
[Black "Toczek, Grzegorz"]
[Result "1/2-1/2"]
[WhiteTitle "GM"]
[BlackTitle "FM"]
[WhiteElo "2402"]
[BlackElo "2271"]
[WhiteFideId "409081"]
[BlackFideId "1106457"]
[EventDate "2020.12.21"]

1. d4 Nf6 2. c4 c5 3. d5 e6 4. Nc3 exd5 5. cxd5 d6 6. Nf3 g6 7. e4 Bg7 8. h3 O-O
9. Bd3 Re8 10. O-O c4 11. Bc2 b5 12. a3 a6 13. Re1 Nbd7 14. Bf4 Qb6 15. Qd2 Bb7
16. Rad1 Rac8 17. Be3 Qd8 18. Bd4 Nh5 19. Bxg7 Kxg7 20. Nd4 Qf6 21. g3 Nc5 22.
Qe3 Rc7 23. f4 Nxg3 24. Qxg3 Nd3 25. Nf5+ Kh8 26. Nxd6 Qxd6 27. Bxd3 cxd3 28.
Rxd3 b4 29. axb4 Qxb4 30. Qf2 Rc4 31. Red1 f5 32. Rd4 fxe4 33. Rxc4 Qxc4 34.
Qd4+ Qxd4+ 35. Rxd4 e3 36. Kf1 1/2-1/2

[Event "Caplin British Online"]
[Site "chess.com INT"]
[Date "2020.12.23"]
[Round "3.6"]
[White "Villiers, Thomas"]
[Black "O'Gorman, Tom"]
[Result "1/2-1/2"]
[WhiteTitle "CM"]
[BlackTitle "FM"]
[WhiteElo "2161"]
[BlackElo "2368"]
[WhiteFideId "427209"]
[BlackFideId "2508249"]
[EventDate "2020.12.21"]

1. d4 Nf6 2. Nf3 g6 3. Nbd2 Bg7 4. e4 d6 5. Bd3 O-O 6. O-O Nc6 7. Nc4 Nxe4 8. d5
Nc5 9. dxc6 bxc6 10. Re1 e5 11. Bf1 f5 12. Na5 Qe8 13. Bc4+ Kh8 14. Be3 Ne4 15.
Nxc6 f4 16. Bc1 Nxf2 17. Kxf2 Qxc6 18. Qd5 Qb6+ 19. Kf1 Bd7 20. Bd2 a5 21. Bc3
Bc6 22. Qe6 Rae8 23. Qh3 Rf5 24. Qh4 e4 25. Ng5 h5 26. Bxg7+ Kxg7 27. Ne6+ Kh6
28. Nxf4 Qxb2 29. Rad1 Qc3 30. Be2 Ref8 31. g3 Be8 32. Qe7 g5 33. Rd5 gxf4 34.
Rxf5 Rxf5 35. g4 Qe5 36. Qxc7 Rg5 37. h4 Rg7 38. g5+ Kh7 39. Qd8 Bg6 40. Rb1 f3
41. Rb8 fxe2+ 42. Kxe2 Bf7 43. Rc8 Rg8 44. Qd7 Rxc8 45. Qxf7+ Qg7 46. Qf5+ Qg6
47. Qxc8 Qf7 48. Qc3 d5 49. Qxa5 Qf3+ 50. Ke1 Qe3+ 51. Kd1 Qd4+ 52. Ke2 Qc4+ 53.
Ke1 Kg6 54. Qb6+ Kf5 55. Qf2+ Ke6 56. Qf6+ Kd7 57. g6 Qb4+ 58. Ke2 Qc4+ 59. Kd1
e3 60. Qf5+ Kd6 61. g7 Qd4+ 62. Qd3 Qg4+ 63. Qe2 Qg1+ 64. Qe1 Qg4+ 65. Kc1 Qxg7
66. Qxe3 Qa1+ 67. Kd2 Qxa2 68. Qh6+ Kc5 69. Qxh5 Qa5+ 70. Kd1 Qa1+ 71. Ke2 Qd4
72. Qg5 Qc4+ 73. Kd2 Qd4+ 74. Ke1 Qe4+ 75. Kd2 1/2-1/2

[Event "Caplin British Online"]
[Site "chess.com INT"]
[Date "2020.12.23"]
[Round "3.7"]
[White "Grieve, Harry"]
[Black "Toma, Katarzyna"]
[Result "1/2-1/2"]
[WhiteTitle "FM"]
[BlackTitle "WGM"]
[WhiteElo "2351"]
[BlackElo "2289"]
[WhiteFideId "426520"]
[BlackFideId "1119907"]
[EventDate "2020.12.21"]

1. e4 c5 2. Nf3 Nc6 3. d4 cxd4 4. Nxd4 Nf6 5. Nc3 e5 6. Ndb5 d6 7. Bg5 a6 8. Na3
b5 9. Nd5 Be7 10. Bxf6 Bxf6 11. c3 Bg5 12. Nc2 Rb8 13. Be2 O-O 14. Qd3 a5 15.
Rd1 Be6 16. O-O Qd7 17. Qg3 Bd8 18. Rd2 Kh8 19. Rfd1 g6 20. Nde3 Be7 21. Nd5 Bd8
22. Na3 Na7 23. c4 b4 24. Nb5 Nxb5 25. cxb5 f5 26. f4 Bxd5 27. Rxd5 Bb6+ 28. Kh1
exf4 29. Qh3 Qe7 30. Rxd6 Rfd8 31. e5 Rxd6 32. Rxd6 Qxe5 33. Rd7 h5 34. Qh4 Re8
35. Qg5 Qg7 36. Rxg7 Kxg7 37. Bf1 Re4 38. h3 Bf2 39. Qd8 Re1 40. Qd3 Kh6 41. Kh2
h4 42. Qc4 Kg5 43. Qd3 Kh6 44. Qc4 Kg5 45. a3 bxa3 46. bxa3 Be3 47. a4 Bf2 48.
g4 hxg3+ 49. Kg2 Re4 50. Qd5 Re3 51. Qd8+ Kh5 52. Qh8+ Kg5 53. Qd8+ Kh5 54. Qh8+
Kg5 55. Qd8+ 1/2-1/2

[Event "Caplin British Online"]
[Site "chess.com INT"]
[Date "2020.12.23"]
[Round "3.8"]
[White "Claridge-Hansen, William"]
[Black "Varney, Zoe"]
[Result "1-0"]
[WhiteTitle "FM"]
[WhiteElo "2290"]
[BlackElo "1917"]
[WhiteFideId "422509"]
[BlackFideId "436135"]
[EventDate "2020.12.21"]

1. c4 c6 2. Nf3 Nf6 3. e3 d5 4. Nc3 e6 5. b3 Nbd7 6. Qc2 Bd6 7. Bb2 O-O 8. Rg1
e5 9. cxd5 cxd5 10. Nb5 Bb8 11. Rc1 e4 12. Nfd4 Bxh2 13. Rh1 Bb8 14. Ba3 Re8 15.
Nf5 Nb6 16. Nfd6 Bxd6 17. Nxd6 Re6 18. Nf5 Re8 19. Nd6 Re6 20. Qc7 Qxc7 21. Rxc7
Ne8 22. Nxe8 Rxe8 23. Bb5 Re6 24. f4 a6 25. Be2 Rc6 26. Rxc6 bxc6 27. Kf2 f5 28.
Rc1 Bb7 29. g4 g6 30. gxf5 gxf5 31. Rg1+ Kf7 32. Bh5+ Kf6 33. Bb2+ Ke6 34. Rg7
Nd7 35. Rxh7 a5 36. Bf7+ Kd6 37. Bg6 c5 38. Bxf5 Bc6 39. Rh6+ Kc7 40. Bxd7 Bxd7
41. Be5+ Kb7 42. Rd6 Bc6 43. f5 a4 44. f6 axb3 45. axb3 Rf8 46. Kg3 Kb6 47. Kf4
Kb5 48. Kf5 Be8 49. Rxd5 Bf7 50. Rd7 Bxb3 51. Rb7+ Ka4 52. Rxb3 Kxb3 53. Kg6 Kc2
54. Bc3 Rg8+ 55. Kf7 Rg2 56. Ke7 Rxd2 57. Bxd2 Kxd2 58. f7 c4 59. f8=Q c3 60.
Qf2+ Kd1 61. Ke6 c2 62. Ke5 c1=Q 63. Qf1+ Kd2 64. Qxc1+ Kxc1 65. Kxe4 1-0

[Event "Caplin British Online"]
[Site "chess.com INT"]
[Date "2020.12.23"]
[Round "3.9"]
[White "Tanmay, Chopra"]
[Black "Shearsby, Jude"]
[Result "1-0"]
[WhiteElo "2273"]
[BlackElo "1673"]
[WhiteFideId "25630946"]
[BlackFideId "462527"]
[EventDate "2020.12.21"]

1. d4 Nc6 2. Nf3 d6 3. e4 Nf6 4. Nc3 g6 5. Bb5 a6 6. Bxc6+ bxc6 7. O-O Bg7 8. h3
O-O 9. Bf4 Rb8 10. Rb1 d5 11. Ne5 Bb7 12. exd5 Nxd5 13. Bg3 e6 14. Na4 f6 15.
Nd3 Qe7 16. Re1 Rbd8 17. Nac5 Bc8 18. Nxe6 Bxe6 19. Nc5 Rb8 20. Rxe6 Qd8 21. c4
Ne7 22. Re1 Re8 23. Ne6 Qd7 24. Nxc7 Rec8 25. Nxa6 Ra8 26. Nc5 Qa7 27. a3 Nf5
28. Bh2 Rd8 29. Ne6 Rd7 30. Qb3 Nxd4 31. Nxd4 Rxd4 32. c5+ Kh8 33. Bd6 Qd7 34.
Re7 Qf5 35. Rbe1 Rf8 36. Re8 Rd2 37. Qe3 Rd3 38. Qe7 h5 39. Rxf8+ Kh7 40. Rf7
Rd2 41. Rxg7+ Kh6 42. Rh7+ Kg5 43. Qe3+ 1-0

[Event "Caplin British Online"]
[Site "chess.com INT"]
[Date "2020.12.23"]
[Round "3.10"]
[White "Blackburn, Jonathan L B"]
[Black "Goss, Alex"]
[Result "0-1"]
[WhiteTitle "FM"]
[WhiteElo "2235"]
[BlackElo "1833"]
[WhiteFideId "1801090"]
[BlackFideId "2509407"]
[EventDate "2020.12.21"]

1. d4 Nf6 2. c4 e6 3. Nc3 c5 4. d5 exd5 5. cxd5 d6 6. e4 g6 7. h3 Bg7 8. Nf3 a6
9. a4 O-O 10. Bd3 Re8 11. O-O c4 12. Bc2 Nbd7 13. Be3 Qc7 14. Qe2 Nh5 15. Nd2
Ne5 16. Rfe1 Qe7 17. Nxc4 Nxc4 18. Qxc4 Qh4 19. Bd3 Be5 20. Bf1 g5 21. g3 Nxg3
22. fxg3 Qxg3+ 23. Bg2 Bxh3 24. Qe2 Qh2+ 25. Kf1 Qh1+ 26. Bg1 Bd4 27. Qf3 Qxg1+
28. Ke2 Qxg2+ 29. Qxg2 Bxg2 30. Kd3 Bxc3 31. bxc3 g4 32. Rab1 Re7 33. c4 Rae8
34. e5 dxe5 35. d6 Rd7 36. c5 f5 37. Rb2 Be4+ 38. Kc4 Rc8 39. Rd2 b6 0-1

[Event "Caplin British Online"]
[Site "chess.com INT"]
[Date "2020.12.23"]
[Round "3.11"]
[White "Cox, Tristan A"]
[Black "Balaji, Aaravamudhan"]
[Result "1-0"]
[BlackTitle "CM"]
[WhiteElo "2141"]
[BlackElo "2206"]
[WhiteFideId "410772"]
[BlackFideId "436224"]
[EventDate "2020.12.21"]

1. d4 Nf6 2. c4 g6 3. f3 Bg7 4. e4 d6 5. Nc3 O-O 6. Nge2 c5 7. d5 e6 8. Ng3 exd5
9. cxd5 h5 10. Bg5 Qb6 11. Qd2 Nh7 12. Bh4 g5 13. Bxg5 Nxg5 14. Qxg5 Qxb2 15.
Rc1 f6 16. Qe3 f5 17. exf5 Bxf5 18. Nxf5 Rxf5 19. Ne4 Nd7 20. Bd3 Re8 21. Qd2
Qxd2+ 22. Kxd2 Rxd5 23. Ke2 Rd4 24. Bb5 Re7 25. Kf2 Nb6 26. Rhd1 a6 27. Be2 Rxd1
28. Rxd1 Bd4+ 29. Kf1 d5 30. Ng3 Bh8 31. Nxh5 c4 32. Nf4 c3 33. Nxd5 Nxd5 34.
Bc4 Rc7 35. Bxd5+ Kf8 36. Bb3 Bg7 37. g3 b5 38. f4 a5 39. Bc2 Rc4 40. Ke2 Rb4
41. Rd5 Rb2 42. Kd3 a4 43. a3 Bf6 44. g4 Be7 45. Kxc3 Bxa3 46. Bd3 Rb3+ 47. Kc2
Rb2+ 48. Kc3 Rb3+ 49. Kd4 Bb2+ 50. Ke4 a3 51. Rd8+ Ke7 52. Ra8 Rb4+ 53. Kf5 Bc1
54. Be4 Rd4 55. g5 Bb2 56. g6 Rd2 57. h4 Rh2 58. Ra7+ Kd6 59. g7 Bxg7 60. Rxg7
a2 61. Ra7 b4 62. Kg5 b3 63. h5 Re2 64. Bf5 Re7 65. Ra6+ Kc5 66. h6 Rf7 67. Bg6
Rf8 68. h7 Kb5 69. Bd3+ Kb4 70. Kg6 Kc3 71. Kg7 Rb8 72. Bg6 Rb6 73. Ra8 Rb7+ 74.
Kh6 Rb8 75. Rxb8 1-0

[Event "Caplin British Online"]
[Site "chess.com INT"]
[Date "2020.12.23"]
[Round "3.12"]
[White "Ismail, Mohammed Aayan"]
[Black "Shafi, Declan"]
[Result "1-0"]
[WhiteElo "1719"]
[BlackElo "2166"]
[WhiteFideId "465135"]
[BlackFideId "2405156"]
[EventDate "2020.12.21"]

1. Nf3 Nf6 2. g3 g6 3. Bg2 Bg7 4. O-O d5 5. d3 d4 6. c3 dxc3 7. Nxc3 O-O 8. Bf4
c6 9. Qc2 Nbd7 10. Rfd1 Nb6 11. e4 Nh5 12. Be3 e5 13. a4 a5 14. Qb3 Nd7 15. d4
exd4 16. Nxd4 Qe7 17. f4 Re8 18. e5 Nc5 19. Qc4 Bf8 20. Rd2 Ng7 21. Re1 Nf5 22.
Nxf5 Bxf5 23. Rd6 Na6 24. Ne4 Bxe4 25. Bxe4 Qc7 26. Rdd1 Rad8 27. Rc1 Nb4 28.
Red1 Rxd1+ 29. Rxd1 Rd8 30. Rxd8 Qxd8 31. e6 Nd5 32. exf7+ Kxf7 33. b3 Bg7 34.
f5 gxf5 35. Bxf5 Qe7 36. Bf2 h6 37. Qg4 Qg5 38. Qxg5 hxg5 39. Kg2 Bc3 40. Kf3
Kf6 41. Bc8 b6 42. Bb7 Ne7 43. Bxb6 Ke6 44. Bc5 Ng6 45. Ke4 Ne5 46. h4 g4 47.
Bc8+ Kf6 48. Bd4 Bxd4 49. Kxd4 Nf3+ 50. Kc5 Nd2 51. Kxc6 Nxb3 52. Bxg4 Ke5 53.
Kb5 Nd2 54. Kxa5 Ne4 55. Kb6 1-0

[Event "Caplin British Online"]
[Site "chess.com INT"]
[Date "2020.12.23"]
[Round "3.16"]
[White "Rathbone-Jones, Ifan"]
[Black "Idle, Oscar"]
[Result "1/2-1/2"]
[WhiteElo "1941"]
[BlackElo "1722"]
[WhiteFideId "1803859"]
[BlackFideId "439347"]
[EventDate "2020.12.21"]

1. d4 d5 2. Bf4 Nf6 3. Nf3 c5 4. e3 Nc6 5. c3 Qb6 6. Qc2 Nh5 7. Bg3 cxd4 8. exd4
Nxg3 9. hxg3 Bg4 10. Nbd2 g6 11. Bd3 Rc8 12. Ng5 Nb4 13. Qa4+ Nc6 14. Rb1 h5 15.
f4 Bh6 16. Ngf3 O-O 17. a3 Bg7 18. Nf1 Bd7 19. Qd1 Na5 20. Qe2 Nc4 21. Bxc4 dxc4
22. Ne3 Be6 23. Ng5 Bh6 24. Ne4 Qc6 25. Nc5 b6 26. Na6 Qe4 27. O-O h4 28. Qf3
Qxf3 29. Rxf3 hxg3 30. Rbf1 Rfd8 31. Rxg3 Kh7 32. Nb4 a5 33. Nbc2 Bf5 34. Nxf5
gxf5 35. Ne3 e6 36. Rh3 Kg7 37. g4 fxg4 38. Nxg4 Rh8 39. Rf2 f5 40. Ne5 Rcg8 41.
Kf1 Kf6 42. Rfh2 Bg7 43. Rxh8 Bxh8 44. Rh7 Bg7 45. Nd7+ Kg6 46. Rh2 b5 47. Nc5
Kf7 48. Nb7 Rb8 49. Nxa5 Rb6 50. b3 Ra6 51. b4 Rb6 52. a4 bxa4 53. Nxc4 Rc6 54.
Ne5+ 1/2-1/2

[Event "Caplin British Online"]
[Site "chess.com INT"]
[Date "2020.12.23"]
[Round "3.17"]
[White "Finn, Peter"]
[Black "Stubbs, Oliver"]
[Result "1/2-1/2"]
[WhiteElo "1959"]
[BlackElo "1905"]
[WhiteFideId "432156"]
[BlackFideId "441325"]
[EventDate "2020.12.21"]

1. d4 Nf6 2. Nf3 g6 3. Bg5 Bg7 4. Nbd2 d5 5. e3 O-O 6. Bd3 b6 7. c3 Bb7 8. O-O
c5 9. Ne5 Nfd7 10. f4 f6 11. Nxd7 Nxd7 12. Bh4 e6 13. Qe2 Qc7 14. g4 e5 15. f5
e4 16. Bb5 a6 17. Bg3 Qd8 18. Bxd7 Qxd7 19. Nb3 a5 20. Qg2 a4 21. Nc1 Ba6 22.
Rf2 Rac8 23. Ne2 Bxe2 24. Rxe2 gxf5 25. gxf5 cxd4 26. cxd4 Qxf5 27. Rf1 Qg6 28.
Bd6 Rfe8 29. Kh1 Qxg2+ 30. Rxg2 Kf7 31. Rgf2 Ke6 32. Bf4 Rg8 33. Bh6 Rcf8 34.
Bxg7 Rxg7 35. Rc2 Rd7 36. Rc6+ Rd6 37. Rc7 Rf7 38. Rc8 Rb7 39. Rf8 Rf7 40. Rc8
f5 41. Re8+ Kf6 42. Re5 Kg6 43. Rg1+ Kh6 44. Rf1 Kg5 45. Rg1+ Kh4 46. Rf1 Kg4
47. Rf4+ Kg5 48. h4+ Kg6 49. Kh2 Rc6 50. Rf2 Rd6 51. Kh3 h6 52. Rg2+ Kh5 53. Rf2
Kg6 54. Rg2+ Kh7 55. Rf2 Kg6 1/2-1/2

[Event "Caplin British Online"]
[Site "chess.com INT"]
[Date "2020.12.27"]
[Round "4.1"]
[White "Adams, Michael"]
[Black "Turner, Matthew J"]
[Result "1-0"]
[WhiteTitle "GM"]
[BlackTitle "GM"]
[WhiteElo "2716"]
[BlackElo "2509"]
[WhiteFideId "400041"]
[BlackFideId "402893"]
[EventDate "2020.12.21"]

1. d4 d5 2. c4 c6 3. Nf3 Nf6 4. e3 g6 5. Nc3 Bg7 6. Be2 O-O 7. O-O dxc4 8. Bxc4
Bg4 9. h3 Bxf3 10. Qxf3 Nbd7 11. e4 Nb6 12. Qd3 Nxc4 13. Qxc4 b5 14. Qxc6 b4 15.
Ne2 Rc8 16. Qb7 Rc2 17. Qb5 Qa8 18. e5 Nd5 19. Nf4 Rd8 20. Nxd5 Qxd5 21. Qxb4 e6
22. Be3 Bf8 23. Qa4 Rxb2 24. Rfb1 Rb7 25. Rxb7 Qxb7 26. Rc1 Be7 27. Rc6 Kg7 28.
Qc4 Rd7 29. a4 h6 30. a5 Bg5 31. a6 Qb1+ 32. Qc1 Qe4 33. Rd6 Bxe3 34. Qxe3 Qb1+
35. Kh2 Qb5 36. Qf3 Rxd6 37. Qf6+ Kg8 38. exd6 Qb6 39. Qe5 Qxa6 40. d7 Qb6 41.
Qc5 Qb8+ 42. g3 1-0

[Event "Caplin British Online"]
[Site "chess.com INT"]
[Date "2020.12.27"]
[Round "4.3"]
[White "Toczek, Grzegorz"]
[Black "Ghasi, Ameet K"]
[Result "0-1"]
[WhiteTitle "FM"]
[BlackTitle "IM"]
[WhiteElo "2271"]
[BlackElo "2485"]
[WhiteFideId "1106457"]
[BlackFideId "409200"]
[EventDate "2020.12.21"]

1. d4 Nf6 2. Nc3 d6 3. e4 g6 4. f4 Bg7 5. Nf3 O-O 6. Bd3 Na6 7. O-O c5 8. d5 Nb4
9. Bc4 Rb8 10. Qe2 e6 11. dxe6 Bxe6 12. Bxe6 fxe6 13. e5 Nfd5 14. Ne4 dxe5 15.
fxe5 Qc7 16. Bg5 c4 17. Nf6+ Nxf6 18. exf6 Bxf6 19. Qxe6+ Qf7 20. Qxf7+ Rxf7 21.
Bxf6 Rxf6 22. Ne5 Re6 23. Nxc4 Nxc2 24. Rad1 Rc8 25. b3 Rc7 26. Rd2 Nb4 27. a4
Rce7 28. h3 Kg7 29. Rfd1 Na6 30. a5 h5 31. Rd5 Nb4 32. Rd7 Nc6 33. Rxe7+ Rxe7
34. Rd6 a6 35. Kf2 Kh6 36. Rd5 Nb4 37. Rd6 Kg5 38. Nd2 Kf5 39. g4+ hxg4 40.
hxg4+ Ke5 41. Nc4+ Kf4 42. Nd2 Nc6 43. Rxg6 Nxa5 44. Rb6 Kxg4 45. Nc4 Nc6 46.
Nd6 Nd8 47. Rb4+ Kg5 48. Rc4 Kf6 49. Rc8 Rd7 50. Nc4 Nc6 51. Ke3 Ke6 52. Rh8 Re7
53. Kd3 Kd7 54. Nb6+ Ke6 55. Rh6+ Kf5 56. Kc4 Re4+ 57. Kc5 Rb4 58. Nc4 Rb5+ 59.
Kd6 Rxb3 60. Kc7 Nd4 61. Nd6+ Kg5 62. Nf7+ Kg4 63. Rf6 a5 64. Ne5+ Kg5 65. Rb6
a4 66. Nc4 Rc3 67. Kd6 Rxc4 68. Kd5 a3 69. Rxb7 Ra4 70. Rb1 a2 0-1

[Event "Caplin British Online"]
[Site "chess.com INT"]
[Date "2020.12.27"]
[Round "4.4"]
[White "Fernandez, Daniel Howard"]
[Black "Tanmay, Chopra"]
[Result "1/2-1/2"]
[WhiteTitle "GM"]
[WhiteElo "2466"]
[BlackElo "2273"]
[WhiteFideId "5801605"]
[BlackFideId "25630946"]
[EventDate "2020.12.21"]

1. d4 Nf6 2. c4 e6 3. a3 d5 4. Nc3 c6 5. cxd5 exd5 6. Bf4 Bd6 7. Bxd6 Qxd6 8. e3
Bf5 9. Bd3 Bxd3 10. Qxd3 O-O 11. Nf3 Nbd7 12. O-O Rfe8 13. Qc2 a5 14. Rab1 b5
15. a4 b4 16. Ne2 c5 17. dxc5 Nxc5 18. Rbc1 Rac8 19. Nf4 Qd7 20. Nd3 Nxa4 21.
Nfe5 Rxc2 22. Nxd7 Rec8 23. Nxf6+ gxf6 24. Ra1 Nc5 25. Nxc5 R8xc5 26. b3 Rd2 27.
g3 Rc3 28. Rxa5 Rxb3 29. Rb5 Rbb2 30. Kg2 b3 31. Rb4 Kf8 32. g4 Ke7 33. Rb6 Kf8
34. Kg3 Kg7 35. Rb4 Kg6 36. h4 Kg7 37. h5 h6 38. Rb8 d4 39. exd4 Rxd4 40. Re1 f5
41. gxf5 Kf6 42. Re3 Rd5 43. Rb6+ Kg5 1/2-1/2

[Event "Caplin British Online"]
[Site "chess.com INT"]
[Date "2020.12.27"]
[Round "4.5"]
[White "Villiers, Thomas"]
[Black "Lalic, Bogdan"]
[Result "1/2-1/2"]
[WhiteTitle "CM"]
[BlackTitle "GM"]
[WhiteElo "2161"]
[BlackElo "2402"]
[WhiteFideId "427209"]
[BlackFideId "409081"]
[EventDate "2020.12.21"]

1. d4 e6 2. Nf3 d5 3. c4 a6 4. e3 Nf6 5. Nc3 dxc4 6. Bxc4 c5 7. O-O b5 8. Be2
Bb7 9. dxc5 Bxc5 10. Qxd8+ Kxd8 11. b3 Nbd7 12. Bb2 Ke7 13. Rfd1 Rac8 14. Rac1 1/2-1/2

[Event "Caplin British Online"]
[Site "chess.com INT"]
[Date "2020.12.27"]
[Round "4.7"]
[White "Ismail, Mohammed Aayan"]
[Black "Grieve, Harry"]
[Result "1-0"]
[BlackTitle "FM"]
[WhiteElo "1719"]
[BlackElo "2351"]
[WhiteFideId "465135"]
[BlackFideId "426520"]
[EventDate "2020.12.21"]

1. Nf3 f5 2. g3 Nf6 3. Bg2 g6 4. d4 Bg7 5. O-O O-O 6. Nbd2 Nc6 7. c3 a5 8. a4
Kh8 9. Re1 d5 10. Ne5 Nxe5 11. dxe5 Ne4 12. f4 Ra6 13. c4 c6 14. Nxe4 fxe4 15.
Be3 Be6 16. cxd5 cxd5 17. Qd4 Qb8 18. Rac1 g5 19. Qc5 gxf4 20. gxf4 Qe8 21. Rc3
Bh6 22. Rf1 Rc6 23. Qxa5 Qh5 24. Rxc6 bxc6 25. Rf2 Qh4 26. Kh1 d4 27. Bxd4 Bxf4
28. Rxf4 Qxf4 29. Qc5 Qg5 30. a5 Rg8 31. Bxe4 Qh4 32. Bf3 Qe1+ 33. Bg1 Bd5 34.
Bxd5 cxd5 35. e6 h6 36. a6 Qb1 37. Qd4+ Rg7 38. a7 Qa2 39. b4 Kh7 40. Qd3+ Rg6
41. Bd4 h5 42. h4 Kh6 43. Qe3+ Kh7 44. Qe5 Qb1+ 45. Kh2 Rg8 46. Qxh5# 1-0

[Event "Caplin British Online"]
[Site "chess.com INT"]
[Date "2020.12.27"]
[Round "4.9"]
[White "Gurner, Jem"]
[Black "Cox, Tristan A"]
[Result "0-1"]
[WhiteElo "1800"]
[BlackElo "2141"]
[WhiteFideId "67600280"]
[BlackFideId "410772"]
[EventDate "2020.12.21"]

1. d4 d5 2. Nc3 Nf6 3. Bf4 e6 4. e3 Bb4 5. Ne2 O-O 6. a3 Be7 7. Ng3 b6 8. Bd3 c5
9. O-O Nc6 10. Be5 Nd7 11. f4 g6 12. Qg4 f5 13. Qf3 Ndxe5 14. dxe5 Bb7 15. Rad1
a6 16. Qf2 b5 17. e4 d4 18. exf5 gxf5 19. Nh5 Kh8 20. Be2 Qb6 21. Nb1 c4 22. Bf3
Bc5 23. Qh4 Qc7 24. Kh1 Rad8 25. Nf6 Qg7 26. Qh3 Be7 27. Nh5 Qh6 28. Nd2 Rg8 29.
g3 Rg4 30. Qg2 Qxh5 31. Bxc6 Rxg3 32. Qxg3 Bxc6+ 33. Nf3 Rg8 34. Qf2 Bh4 35. Qe2
Bg3 36. Rxd4 Bxh2 37. Rd6 Bxf4+ 0-1

[Event "Caplin British Online"]
[Site "chess.com INT"]
[Date "2020.12.27"]
[Round "4.10"]
[White "Toma, Katarzyna"]
[Black "Hebden, Mark L"]
[Result "1-0"]
[WhiteTitle "WGM"]
[BlackTitle "GM"]
[WhiteElo "2289"]
[BlackElo "2453"]
[WhiteFideId "1119907"]
[BlackFideId "400084"]
[EventDate "2020.12.21"]

1. e4 e5 2. Nf3 Nc6 3. Bb5 a6 4. Ba4 Nf6 5. Qe2 Be7 6. c3 b5 7. Bb3 O-O 8. O-O
d5 9. d3 Re8 10. Rd1 Bb7 11. Nbd2 Bf8 12. Nf1 Na5 13. Bc2 c5 14. Bg5 h6 15. Bh4
Qb6 16. Ne3 d4 17. cxd4 cxd4 18. Nf5 Bc8 19. Qd2 Bxf5 20. exf5 Nd5 21. f6 Bb4
22. Qe2 Nxf6 23. a3 Bf8 24. Nxe5 Qe6 25. Qd2 Qxe5 26. Qxa5 Bd6 27. Bg3 Qd5 28.
Re1 Bxg3 29. hxg3 Ng4 30. Bd1 Ne5 31. Qd2 Rac8 32. f4 Nd7 33. Bg4 Re3 34. Rxe3
dxe3 35. Qxe3 Rc2 36. Bf3 Qd6 37. d4 Rxb2 38. Rc1 Ra2 39. Rc3 a5 40. Kh2 Nf6 41.
Rc8+ Kh7 42. Qd3+ g6 43. Qxb5 Qxd4 44. Qb3 Rxg2+ 45. Kxg2 Qd2+ 46. Kf1 Qd7 47.
Qc3 Qh3+ 48. Bg2 Qf5 49. Rb8 h5 50. Qe5 Qd3+ 51. Kg1 Qa6 52. Qe7 1-0